• 首页
  • 本馆介绍
  • 公告通知
  • 最新文献
  • 馆藏检索
  • 电子资源
  • 读者导购
  • 参考咨询
  • 我的图书馆
  • 登录
  • 详细信息显示
  • 放入我的书架
  • 预约/预借图书
  • 作者相关作品
  • 分类相关作品
  • 丛书相关作品
  • 出版社相关作品

书目信息

  • 表格格式
  • 工作单格式
  • 卡片格式
题名:
李维刚谈全班55%怎样考上北大考上清华
    
 
作者: 孙维刚 著
分册:  
出版信息: 长春   北方妇女儿童出版社  1999
页数: 232页
开本: 20cm
丛书名:
单 册:
中图分类: G632.41
科图分类:
主题词: 教学法--中学
电子资源:
ISBN: 7-5385-1703-0
000 00620nam0 2200193 450
001 0753065216
005 20070710110525.70
010    @a7-5385-1703-0@dCNY9.00
100    @a20070705d1999 km y0chiy0120 ea
101 0  @achi
102    @aCN@b220000
200 1  @a李维刚谈全班55%怎样考上北大考上清华@Ali wei gang tan quan ban 55%zen yang kao shang bei da kao shang qing hua@f孙维刚著@Fsun wei gang zhu
210    @a长春@c北方妇女儿童出版社@d1999@h2000
215    @a232页@d20cm
606 0  @a教学法@x中学
690    @aG632.41@v3
701  0 @a孙维刚@Asun wei gang@4著
801  0 @aCN@bPFT@c20070710
905    @a10447@dG632.41@e185
    
    李维刚谈全班55%怎样考上北大考上清华/孙维刚著.-长春:北方妇女儿童出版社,1999(2000)
    232页;20cm
    
    
    ISBN 7-5385-1703-0:CNY9.00
    
●
相关链接 在E读中查询图书 在五车中查询图书 在当当中查询图书 在豆瓣中查询图书


正题名:李维刚谈全班55%怎样考上北大考上清华     索取号:G632.41/185         预约/预借

序号 登录号 条形码 馆藏地/架位号 状态 备注
1 0765133   207651334   第一样本阅览室/ [索取号:G632.41/185] 在馆    
唐山师范学院图书馆 欢迎您!
大连网信软件有限公司© 版权所有